• 首页
  • 本馆介绍
  • 公告通知
  • 最新文献
  • 馆藏检索
  • 电子资源
  • 读者导购
  • 参考咨询
  • 我的图书馆
  • 登录
  • 详细信息显示
  • 放入我的书架
  • 预约/预借图书
  • 作者相关作品
  • 分类相关作品
  • 丛书相关作品
  • 出版社相关作品

书目信息

  • 表格格式
  • 工作单格式
  • 卡片格式
题名:
此地何时
    
 
作者: 林奇 著 ;赵祖华 译
分册:  
出版信息: 北京   北京时代华文书局  2016.7
页数: 298页
开本: 23cm
丛书名:
单 册:
中图分类: TU984.11
科图分类:
主题词: 城市空间--空间规划--研究
电子资源:
ISBN: 978-7-5699-0851-0
000 01486nam0 2200289 450
001 0400003161
005 20171021202524.0
010    @a978-7-5699-0851-0@dCNY48.00
100    @a20160826d2016 em y0chiy50 ea
101 1  @achi@ceng
102    @aCN@b110000
105    @aa z 001yy
106    @ar
200 1  @a此地何时@9ci di he shi@e城市与变化的时代@f(美)凯文·林奇著@g赵祖华译
210    @a北京@c北京时代华文书局@d2016.7
215    @a298页@c图,照片@d23cm
312    @a书名原文:What time is this place?
314    @a凯文·林奇 (Kevin Andrew Lynch) (1918-1984),美国著名城市规划师和作家。早年随弗兰克·赖特学习,于麻省理工学院毕业后继续任教三十年。代表作品有《城市意象》、《此地何时》等。
330    @a时间与空间,在人类认知中是连续的,是时空存在的基础,或许也是物质世界真实性的极限。凯文·林奇认为人类对时间的感觉,是一种受各种外部时钟,如“官方”、“客观”等影响的生物节奏。作者兴趣的核心在于,这种内在的感觉是如何影响我们思考与改造——建构或破坏——我们所处的物理环境的,尤其是我们的居所,城市。本书通过解释城市与建筑设计如何制造良好的时空感,影响了后世更广泛设计领域的诸多人物与思想,是一本影响广泛的著作。
510 1  @aWhat time is this place?@zeng
517 1  @a城市与变化的时代@9cheng shi yu bian hua de shi dai
606 0  @a城市空间@x空间规划@x研究
690    @aTU984.11@v5
701  1 @c(美)@a林奇@9lin qi@c(Lynch, Kevin Andrew@f1918-1984)@4著
702  0 @a赵祖华@9zhao zu hua@4译
801  0 @aCN@b91MARC@c20171021
905    @b1035651-5@dTU984.11@f5@e1243
    
    此地何时:城市与变化的时代/(美)凯文·林奇著/赵祖华译.-北京:北京时代华文书局,2016.7
    298页:图,照片;23cm
    
    
    ISBN 978-7-5699-0851-0:CNY48.00
    时间与空间,在人类认知中是连续的,是时空存在的基础,或许也是物质世界真实性的极限。凯文·林奇认为人类对时间的感觉,是一种受各种外部时钟,如“官方”、“客观”等影响的生物节奏。作者兴趣的核心在于,这种内在的感觉是如何影响我们思考与改造——建构或破坏——我们所处的物理环境的,尤其是我们的居所,城市。本书通过解释城市与建筑设计如何制造良好的时空感,影响了后世更广泛设计领域的诸多人物与思想,是一本影响广泛的著作。
●
相关链接 在E读中查询图书 在五车中查询图书 在当当中查询图书 在豆瓣中查询图书


正题名:此地何时     索取号:TU984.11/1243         预约/预借

序号 登录号 条形码 馆藏地/架位号 状态 备注
1 1035651   210356513   第二样本阅览室/ [索取号:TU984.11/1243] 在馆    
2 1035652   210356522   密集书库-生命科学系/ [索取号:TU984.11/1243] 在馆    
3 1035653   210356531   第三借阅区/ [索取号:TU984.11/1243] 在馆    
4 1035654   210356540   第三借阅区/ [索取号:TU984.11/1243] 在馆    
5 1035655   210356559   第三借阅区/ [索取号:TU984.11/1243] 在馆    
唐山师范学院图书馆 欢迎您!
大连网信软件有限公司© 版权所有